000 01111nam a2200301 i 4500
003 EG-GICUC
005 20260405070244.0
008 260405s1939 fr ||||fr|||| 001 0 fre d
040 _aEG-GiCUC
_bfre
_cEG-GiCUC
_dEG-GiCUC
_erda
041 0 _afre
082 0 4 _221
_a341.511
_bGE . P
092 0 4 _221
099 _aLaw1 11 341.511 GE . P 2 ed - 1939
100 1 _aGenet, Raoul
_eAuteur
245 1 0 _aPrécis De Jurisprudence De La Cour Permanente De Justice Internationale :
_bAccompagné Des Textes Concernant La Cour Et De Tables/
_cRaoul Genet.
250 _a2º Edition, Recomplétée.
264 1 _aParis:
_bCollection De La Revue Internationale Française Du Droit Des Gens ,
_c1939.
300 _a306 pages,
_c24 cm
_b
336 _2rda content
_atext
337 _2rda media
_aComputer
338 _2rda carrier
_aOnline Resource
504 _aComprend des références bibliographiques et un index.
546 _aTexte en français
650 1 _aDroit international public
856 4 0 _uhttps://fll.law.cu.edu.eg/fulltext/bks/B11-09081.pdf
905 _a48
942 _2ddc
_cBK
_e21
_n0
999 _c68917
_d68917